00677cam a2200229 a 4500001000800000005001700008008004100025010001700066020003800083040001800121041000800139080001500147082001900162100000700181101000800188245003300196504003000229906004500259942001200304999001700316952011400333240460320180312051314.0860304s1986 nyu b 001 0 eng  a 86005401  a0195039106 (alk. paper) :c$15.95 aDLCcDLCdDLC aeng a306.89 VAU00a306.89 VAU2191 a50 aSOC10aUncoupling :cDiane Vaughan. aBibliography: p. 240-246. a7bcbccorignewd1eocipf19gy-gencatlg 2ddccBK c44687d44687 00102udc40708PËKGa002b002cPËKGd2018-03-12l0o306.89 VAUp002-3001456r2018-03-12w2018-03-12yBK